India's foreign policy: (Record no. 11080)

MARC details
000 -LEADER
fixed length control field 00571nam a22002057a 4500
005 - DATE AND TIME OF LATEST TRANSACTION
control field 20201125131224.0
008 - FIXED-LENGTH DATA ELEMENTS--GENERAL INFORMATION
fixed length control field 201125b ||||| |||| 00| 0 eng d
020 ## - INTERNATIONAL STANDARD BOOK NUMBER
International Standard Book Number 9780198080367
040 ## - CATALOGING SOURCE
Original cataloging agency IN-DiNC
Transcribing agency IN-DiNC
041 ## - LANGUAGE CODE
Language code of sung or spoken text Assamese
082 ## - DEWEY DECIMAL CLASSIFICATION NUMBER
Classification number 327.54
Item number IND
245 ## - TITLE STATEMENT
Title India's foreign policy:
Remainder of title retrospect and prospect/
Statement of responsibility, etc. ed. by Sumit Ganguly
250 ## - EDITION STATEMENT
Edition statement 15th imp.
260 ## - PUBLICATION, DISTRIBUTION, ETC.
Place of publication, distribution, etc. New Delhi:
Name of publisher, distributor, etc. Oxford university press,
Date of publication, distribution, etc. 2018
300 ## - PHYSICAL DESCRIPTION
Extent 347p.
650 ## - SUBJECT ADDED ENTRY--TOPICAL TERM
Topical term or geographic name entry element Political science
650 ## - SUBJECT ADDED ENTRY--TOPICAL TERM
Topical term or geographic name entry element Foreign policy
700 ## - ADDED ENTRY--PERSONAL NAME
Personal name Ganguly, Sumit
Relator term Editor
942 ## - ADDED ENTRY ELEMENTS (KOHA)
Source of classification or shelving scheme Dewey Decimal Classification
Koha item type Books
Holdings
Withdrawn status Lost status Source of classification or shelving scheme Damaged status Not for loan Collection code Home library Current library Shelving location Date acquired Cost, normal purchase price Total Checkouts Full call number Barcode Date last seen Date last checked out Copy number Price effective from Koha item type
    Dewey Decimal Classification     Political Science Central Library, Naharkatiya College Central Library, Naharkatiya College General Stacks 25/11/2020 445.00 3 327.54 IND 27262 30/11/2021 20/11/2021 1 25/11/2020 Books
    Dewey Decimal Classification     Political Science Central Library, Naharkatiya College Central Library, Naharkatiya College General Stacks 25/11/2020 445.00   327.54 IND 27263 25/11/2020   2 25/11/2020 Books
    Dewey Decimal Classification     Political Science Central Library, Naharkatiya College Central Library, Naharkatiya College General Stacks 25/11/2020 445.00   327.54 IND 27264 25/11/2020   3 25/11/2020 Books
    Dewey Decimal Classification     Political Science Central Library, Naharkatiya College Central Library, Naharkatiya College General Stacks 25/11/2020 445.00   327.54 IND 26842 25/11/2020   4 25/11/2020 Books

Naharkatiya College © 2020. All rights reserved.

Powered By